| 000 | 01001nam a22003257a 4500 | ||
|---|---|---|---|
| 003 | CHAP | ||
| 005 | 20220329140524.0 | ||
| 008 | 971013s1942 r 00010 d | ||
| 010 | _a53273 | ||
| 011 | _a54245 | ||
| 035 | _a58396 | ||
| 040 | _cCHAP | ||
| 082 |
_a330.9 _bW42Y |
||
| 100 | 0 | 0 |
_aWeber, Max. _9121297 |
| 245 | _aHistoria económica general | ||
| 260 |
_aMéxico, D.F. : _bFondo de Cultura Económica, _c1942 |
||
| 300 | _a419 p. | ||
| 500 | _a1c de 1956 idéntica | ||
| 500 | _aEjs. desc. en bodega | ||
| 590 |
_aBATCH-UPD _b10 _c20130110 _lUCH01 _h1444 |
||
| 590 |
_aBATCH-UPD _b10 _c20130410 _lUCH01 _h0914 |
||
| 590 |
_aBATCH-UPD _b10 _c20130914 _lUCH01 _h1231 |
||
| 590 |
_aCONVERSION _b10 _c20130109 _lUCH01 _h1329 |
||
| 650 | 1 | 4 |
_aEconomía _xHistoria. _935238 |
| 650 | 1 | 4 |
_aHistoria económica. _955624 |
| 901 | _aBK | ||
| 942 | _cLIBRO | ||
| 949 |
_a330.9 W42Y _bBC _cLIBRO _d-126761 _eLIBRO _h2455 _i58396 _si |
||
| 949 |
_a330.9 W42Y _bBC _cLIBRO _d-126762 _eLIBRO _fc.2 _h2456 _i58396 _si |
||
| 999 |
_c53273 _d53273 |
||